Culture Générale - Série 2470 - Statistiques

Statistiques générales
  • Ce quiz a été pris 164 fois
  • Le résultat moyen est 4 sur 10
Statistiques - réponses
Question Réponse % Correct
Quel organe du corps humain peut être sujet à arythmie ? coeur
99%
Qui incarne "casque d'or" dans le film de 1952 de Jacques Becker ? prénom et nom Simone Signoret
53%
Dans quel département peut-on admirer Gordes emblème du village perché provençal. Vaucluse
50%
Ce mot désigne une boisson alcoolisée ou un cercueil ? bière
47%
Dans quel art peut-on utiliser un "rebec" ? musique
47%
Dans quel pays d'Afrique se situe la région appelée "Casamance" ? Sénégal
37%
Quelle est la Préfecture de la Haute-Marne ? Chaumont
32%
Quelle espèce végétale est appelée "russule" ? champignon
19%
Quel plante (Armoracia rusticana) cultivée pour sa racine à usage condimentaire est également appelée « moutarde des allemands » ? voir photo raifort
17%
Qui incarne "Nelly" dans le film "Les orgueilleux" réalisé en 1953 par Yves Allégret ? prénom et nom Michèle Morgan
9%
Aucun quiz correspondant
Distribution des résultats
% des personnes avec chaque résultat
Percentile par nombre de réponses
Votre historique - résultats
Vous n’avez pas pris ce quiz